[Event "Beacon Juniors op"]
[Site "Exmouth"]
[Date "2006.11.14"]
[Round "2"]
[White "Shaddick, John"]
[Black "Orr, David"]
[Result "1-0"]
[WhiteElo "1568"]
[BlackElo "1392"]
[PlyCount "49"]
[EventDate "2006.11.13"]
[EventType "swiss"]
[EventRounds "5"]
[EventCountry "ENG"]
[SourceTitle "EXT 2008"]
[Source "ChessBase"]
[SourceDate "2007.11.25"]
[SourceVersion "1"]
[SourceVersionDate "2007.11.25"]
[SourceQuality "1"]

1. e4 e5 2. Nf3 Nc6 3. Bc4 Bc5 4. c3 Nf6 5. d4 exd4 6. cxd4 Bb4+ 7. Nc3 d6 8. Bg5 Bxc3+ 9. bxc3 h6 10. Bh4 g5 11. Bg3 Nxe4 12. 0-0 f5 13. d5 Ne7 14. Qd4 Rg8 15. Rae1 Ng6 16. Nd2 Kf8 17. Nxe4 fxe4 18. Qxe4 Qf6 19. f4 Kg7 20. fxg5 Qxg5 21. Qd4+ Ne5 22. Bxe5+ dxe5 23. Rxe5 Qxg2+ 24. Kxg2 Kh7+ 25. Kh1 1-0